Masters of success / (Record no. 781)

MARC details
000 -LEADER
fixed length control field 00795cam a2200253 a 4500
005 - DATE AND TIME OF LATEST TRANSACTION
control field 20260322212034.0
008 - FIXED-LENGTH DATA ELEMENTS--GENERAL INFORMATION
fixed length control field data
010 ## - LIBRARY OF CONGRESS CONTROL NUMBER
LC control number 2003064310
020 ## - INTERNATIONAL STANDARD BOOK NUMBER
International Standard Book Number 1932156798
020 ## - INTERNATIONAL STANDARD BOOK NUMBER
International Standard Book Number 9781932156799
040 ## - CATALOGING SOURCE
Original cataloging agency DLC
Transcribing agency DLC
Modifying agency DLC
042 ## - AUTHENTICATION CODE
Authentication code pcc
050 00 - LIBRARY OF CONGRESS CALL NUMBER
Classification number BJ1611
Item number .M36 2004
082 00 - DEWEY DECIMAL CLASSIFICATION NUMBER
Classification number 158.1
Edition information 22
092 ## - LOCALLY ASSIGNED DEWEY CALL NUMBER (OCLC)
Classification number 158.1 M36 2004
001 - CONTROL NUMBER
control field data
245 10 - TITLE STATEMENT
Title Masters of success /
Remainder of title proven techniques for achieving success in business and life
260 ## - PUBLICATION, DISTRIBUTION, ETC.
Place of publication, distribution, etc. Irvine, CA :
Name of publisher, distributor, etc. Entrepreneur Press,
Date of publication, distribution, etc. c2004.
300 ## - PHYSICAL DESCRIPTION
Extent x, 275 p.
Dimensions 23 cm.
500 ## - GENERAL NOTE
General note Includes index.
650 #0 - SUBJECT ADDED ENTRY--TOPICAL TERM
Topical term or geographic name entry element Success.
856 42 - ELECTRONIC LOCATION AND ACCESS
Materials specified Publisher description
Uniform Resource Identifier <a href="http://www.loc.gov/catdir/description/mh051/2003064310.html">http://www.loc.gov/catdir/description/mh051/2003064310.html</a>
856 42 - ELECTRONIC LOCATION AND ACCESS
Materials specified Contributor biographical information
Uniform Resource Identifier <a href="http://www.loc.gov/catdir/bios/mh042/2003064310.html">http://www.loc.gov/catdir/bios/mh042/2003064310.html</a>
Holdings
Withdrawn status Lost status Damaged status Not for loan Home library Current library Shelving location Date acquired Total checkouts Full call number Barcode Date last seen Price effective from Koha item type
        Franklin Franklin General stacks 22/03/2026   158.1 22 BC0010803 22/03/2026 22/03/2026 Books